Normal view
MARC view
Entry Personal Name
001 - CONTROL NUMBER
- control field: 493163
003 - CONTROL NUMBER IDENTIFIER
- control field: OSt
005 - DATE AND TIME OF LATEST TRANSACTION
- control field: 20220928135915.0
008 - FIXED-LENGTH DATA ELEMENTS
- fixed length control field: 220928|| aca||aabn | a|a d
040 ## - CATALOGING SOURCE
- Original cataloging agency: OSt
- Transcribing agency: OSt
100 ## - HEADING--PERSONAL NAME
- Personal name: Chaloner W H Ed
670 ## - SOURCE DATA FOUND
- Source citation: Work cat.: (OSt)808903: Crouzet F Ed. 493162, Essays in European economic history 1789-1914, 1969
